| Поле | Инд. | ПП | Название | Значение |
|---|---|---|---|---|
| Тип записи | a | |||
| Библиографический уровень | m | |||
| 001 | Контрольный номер | RU/IS/BASE/414061574 | ||
| 005 | Дата корректировки | 20150513113544.2 | ||
| 020 | a | ISBN | 978-5-8114-1374-4 | |
| 040 | a | Служба первич. каталог. | НБ ТвГУ | |
| b | Код языка каталог. | rus | ||
| e | Правила каталог. | PSBO | ||
| 041 | 0_ | a | Код языка текста | rus |
| 080 | a | Индекс УДК | 519.83(075.8) | |
| 084 | a | Индекс другой классификации/Индекс ББК | В183.2я73-1 | |
| 090 | a | Полочн. индекс | В183.2 | |
| x | Авторский знак | М 13 | ||
| 100 | 1_ | a | Автор | Мазалов Владимир Викторович |
| q | Полное имя | Мазалов В. В. | ||
| 245 | 10 | a | Заглавие | Переговоры |
| b | Продолж. заглавия | математическая теория | ||
| 246 | _0 | a | Другая форма заглавия | Математическая теория |
| 260 | a | Место издания | Санкт-Петербург | |
| a | Место издания | Москва | ||
| a | Место издания | Краснодар | ||
| b | Издательство | Лань | ||
| c | Дата издания | 2012 | ||
| 300 | a | Объем | 302 с. | |
| b | Иллюстрации/ тип воспроизводства | ил. | ||
| 504 | a | Библиография | Библиогр.: с. 294-299 (84 назв.) | |
| 520 | a | Аннотация | Книга посвящена теоретико-игровому анализу моделей переговоров. Рассматриваются задачи распределения ресурсов, последовательные переговоры, переговоры со случайными предложениями, арбитражные процедуры, процедуры организации конкурсов и проведения сделок, влияние репутации сторон на окончательное решение переговоров, а также вопросы устойчивой реализации достигнутых соглашений.Книга предназначена для математиков, работающих в области теории игр, а также специалистов в области экономики, управления и исследования операций. | |
| 653 | a | Ключевые слова | Игры (мат.) | |
| a | Ключевые слова | Исследование операций | ||
| a | Ключевые слова | Математика | ||
| a | Ключевые слова | Математическая кибернетика | ||
| a | Ключевые слова | Математическая теория переговоров | ||
| a | Ключевые слова | Модели переговоров | ||
| a | Ключевые слова | Переговоры (мат.) | ||
| a | Ключевые слова | Теория игр | ||
| a | Ключевые слова | Теория переговоров | ||
| a | Ключевые слова | Учебники для вузов | ||
| 700 | a | Другие авторы | Менчер, Александр Эммануилович | |
| q | Полное имя | Менчер, А. Э. | ||
| 700 | 1_ | a | Другие авторы | Токарева, Юлия Сергеевна |
| q | Полное имя | Токарева, Ю. С. | ||
| 901 | t | Тип документа | m | |
| 920 | a | Оператор | Конд | |
| a | Оператор | Густ | ||
| a | Оператор | Стро | ||
| 930 | a | Новая/Ретро | учебники | |
| 952 | c | Вид литературы | К рн | |
| 954 | a | Дата поступления на обработку | 20130617 | |
| c | Дата окончания ОНО | 20130625 |